[Event "Nis GM 2019"]
[Site "Nis"]
[Date "2019.12.07"]
[Round "8.4"]
[White "Miljkovic, Miroslav D"]
[Black "Nikolaidis, Ioannis"]
[Result "0-1"]
[WhiteElo "2496"]
[BlackElo "2531"]
[Annotator "TA"]
[PlyCount "112"]
[EventDate "2019.11.30"]
[EventType "tourn"]
[EventCountry "SRB"]
[SourceTitle "playchess.com"]
[Source "ChessBase"]
[SourceQuality "1"]

{[%evp 23,112,0,14,24,15,27,22,29,35,29,47,49,33,13,68,41,57,37,50,0,0,-40,-40,-57,-21,-93,-94,-110,-110,-112,-58,-81,-79,-89,-83,-100,-48,-36,-16,-22,-28,-103,-111,-237,-253,-234,-244,-300,-298,-268,-147,-147,-150,-154,-154,-177,-157,-156,-160,-160,-145,-167,-153,-170,-148,-289,-274,-272,-249,-2689,-2626,-3154,-2965,-2433,-2378,-2053,-1863,-1404,-1185,-12836,-12836,-29985,-29986,-29986,-29987,-29987,-29988,-29988,-29989,-29989,-29949]} 1. d4 d5 2. c4 e6 3. Nc3 Nf6 4. Bg5 Be7 5. e3 h6 6. Bh4 O-O 7. Nf3 b6 8. Be2 Bb7 9. Bxf6 Bxf6 10. cxd5 exd5 11. b4 c6 12. O-O Nd7 13. Qb3 {D58: Queen's Gambit Declined: Tartakower Defence} b5 14. a4 a6 $1 15. a5 {The position is equal.} Re8 (15... g6 16. Rac1 Bg7 17. Rc2 Qe7 18. Bd3 Nf6 19. Rfc1 Rfd8 20. Ne5 Nd7 21. Nxd7 Rxd7 {½-½ (51) Ivanchuk,V (2733)-Karjakin,S (2776) Beijing 2013}) 16. Rfe1 Nf8 17. Bd3 Ne6 18. Rad1 g6 $146 (18... Ng5 $11) ({Predecessor:} 18... Qd6 19. Bb1 {1-0 (34) Chaplinsky,E (2375)-Neckar,L (2355) Balashiha 1977}) 19. Bb1 Qd6 20. Na2 Ng5 21. Nxg5 (21. Ne5 $5) 21... hxg5 22. h3 Bc8 23. g4 Kg7 24. Kg2 (24. Nc1 $1 $11 {remains equal.}) 24... Be7 $17 25. e4 {[#]} dxe4 $1 26. Bxe4 Bf6 (26... f5 $17 27. Bf3 Rh8) 27. Qg3 ({Wrong is} 27. Bxg6 $2 Be6 $19) 27... Qxg3+ 28. Kxg3 Ra7 29. Nc1 Rd7 (29... Rae7 $17 30. f3 Re6) 30. Nb3 $1 $15 Rd6 31. Kg2 Red8 {[%cal Rf6d4]} 32. Rc1 (32. f3 $11 {keeps the balance.}) 32... Bxd4 $17 33. Rxc6 (33. Re2 $17) 33... Rxc6 $19 34. Bxc6 Bc3 $1 {[%csl LRb4,LRe1][%mdl 64] Double Attack} 35. Re4 {If White can now play Nc5 this consolidates a bit.} Rd6 36. Ba8 Re6 ({Black should play} 36... Be6 $19 37. Nc5 Bc4) 37. Rxe6 $17 fxe6 {[%mdl 4096] Endgame KBB-KBN} 38. Kf3 Bxb4 39. Ke4 Kf6 40. Kd3 Ke7 41. Be4 e5 42. Kc2 Kd6 43. f3 Be6 44. Bb7 (44. Bxg6 $17 Kc6 45. Bf5 Bxb3+ 46. Kxb3 Bxa5 47. Bc8) 44... Bd5 $19 45. Bxa6 Kc6 ({Not} 45... Bxf3 46. Bxb5 Bg2 47. a6 $11) 46. Nd2 $2 {[#]} (46. Bc8) 46... Bxd2 $1 47. Kxd2 Bxf3 {KB-KB} 48. Kc3 Kc5 49. Bc8 Bd5 50. Kd2 b4 {[%cal Bb5b4,Bb4b3,Bb3b2][%mdl 32]} 51. Ba6 Kd4 52. Be2 b3 {Black mates.} 53. a6 e4 54. Bd1 e3+ 55. Ke2 b2 56. Bc2 Bc4+ {[%mdl 64] Double Attack. Accuracy: White = 31%, Black = 66%.} 0-1

[Event "Nis GM 2019"]
[Site "Nis"]
[Date "2019.12.07"]
[Round "8.5"]
[White "Djukic, Nikola"]
[Black "Radovanovic, Mihajlo"]
[Result "1/2-1/2"]
[WhiteElo "2507"]
[BlackElo "2479"]
[Annotator "TA"]
[PlyCount "113"]
[EventDate "2019.11.30"]
[EventType "tourn"]
[EventCountry "SRB"]
[SourceTitle "playchess.com"]
[Source "ChessBase"]
[SourceQuality "1"]

{[%evp 10,113,15,8,28,-4,36,8,22,0,0,2,2,0,6,6,39,24,33,33,22,29,37,35,49,35,54,52,58,57,71,62,68,29,47,23,4,0,0,0,0,0,17,13,25,0,0,0,15,21,53,27,18,19,19,18,16,17,36,38,37,26,26,26,36,28,44,50,51,33,72,33,62,63,79,90,103,98,82,22,68,68,80,77,114,98,91,6,6,4,6,0,0,0,0,0,0,0,0,0,0,0,0,0,0,0]} 1. e4 c6 2. Nc3 d5 3. Nf3 dxe4 4. Nxe4 Nf6 5. Qe2 Nxe4 6. Qxe4 Qd5 {B11: Caro-Kann: Two Knights Variation} (6... Qa5 7. Qh4 Nd7 8. Bc4 Ne5 9. Be2 Nxf3+ 10. Bxf3 Bf5 11. O-O Bxc2 12. d4 e6 13. Qg3 Bg6 14. h4 {1-0 (48) Wei,Y (2721)-Vachier Lagrave,M (2774) chess.com INT 2019}) 7. Qh4 Qf5 $146 ({Predecessor:} 7... Qe6+ 8. Be2 Qg4 9. Qg3 Qxg3 10. hxg3 g6 11. d4 Bg4 12. Bc4 Bxf3 13. gxf3 e6 14. a4 {½-½ (31) Lu,S (2606)-Zhao,J (2621) Hangzhou 2019}) 8. Bd3 Qg4 9. O-O (9. Qg3 {is more complex.} g6 10. b3 Bg7 11. c3 Be6 12. Ba3) 9... Qxh4 10. Nxh4 g6 11. Re1 Bg7 12. Nf3 $36 {[%mdl 2048] Black is under pressure.} Nd7 13. Bf1 c5 14. d4 cxd4 15. Bg5 e6 16. Rad1 h6 17. Bc1 a6 18. Nxd4 O-O 19. g3 e5 20. Nb3 f5 21. Bc4+ Kh7 22. Be6 (22. Rd6 {is interesting.} e4 23. Red1 Ne5 24. Be2 g5 25. Nc5) 22... Nb6 23. Bxc8 Raxc8 24. c3 Rf7 25. f3 a5 26. Nxa5 Ra8 27. b4 Na4 28. c4 e4 29. fxe4 Nc3 30. Rd2 Nxe4 {...Bc3 is the strong threat.} 31. Rc2 Bc3 {[#]} 32. Rxe4 $1 {[%mdl 512] Hoping for Rh4.} Bxb4 (32... fxe4 33. Rxc3) 33. Rh4 Bxa5 34. Rxh6+ Kg7 35. Rh4 {And now Bb2+ would win.} Bd8 36. Rd4 Bf6 37. Rd5 Rc7 38. Bf4 Re7 39. Kf2 Rc8 40. Be3 Rh8 41. Kf3 Rhe8 42. Bc5 Rc7 43. Bb6 Rc6 44. Bf2 (44. c5 $16) 44... Re7 45. a4 Rec7 {[#]} 46. c5 $1 Be7 47. h4 Kf7 48. Kf4 (48. Be3 $16) 48... b6 $11 {The position is equal.} 49. h5 gxh5 50. Rxf5+ Kg6 51. Rd5 bxc5 52. Ke4 Ra6 53. Rc4 Rca7 54. Bxc5 Rxa4 55. Rxa4 Rxa4+ 56. Rd4 Rxd4+ 57. Bxd4 {Accuracy: White = 56%, Black = 58%.} 1/2-1/2

[Event "Nis GM 2019"]
[Site "Nis"]
[Date "2019.12.08"]
[Round "9.1"]
[White "Maksimovic, Branimir"]
[Black "Miljkovic, Miroslav D"]
[Result "1/2-1/2"]
[WhiteElo "2320"]
[BlackElo "2496"]
[Annotator "ChessBase"]
[PlyCount "113"]
[EventDate "2019.11.30"]
[EventType "tourn"]
[EventCountry "SRB"]
[SourceTitle "playchess.com"]
[Source "ChessBase"]
[SourceQuality "1"]
[TimeControl "40/5400+30:1800+30"]

1. e4 {[%emt 0:00:00]} c5 {[%emt 0:00:00]} 2. Nf3 {[%emt 0:00:00]} Nc6 {[%emt 0:00:00]} 3. d4 {[%emt 0:00:19]} cxd4 {[%emt 0:00:07]} 4. Nxd4 {[%emt 0:00:03]} Nf6 {[%emt 0:00:23]} 5. Nc3 {[%emt 0:00:05]} e5 {[%emt 0:00:14]} 6. Ndb5 {[%emt 0:00:13]} d6 {[%emt 0:00:09]} 7. Bg5 {[%emt 0:00:14]} a6 {[%emt 0:00:14]} 8. Na3 {[%emt 0:00:03]} b5 {[%emt 0:00:34]} 9. Nd5 {[%emt 0:00:07]} Be7 {[%emt 0:00:09]} 10. Bxf6 {[%emt 0:00:13]} Bxf6 {[%emt 0:00:08]} 11. c3 {[%emt 0:00:05]} Bg5 {[%emt 0:01:21]} 12. Nc2 {[%emt 0:00:16]} Ne7 {[%emt 0:00:18]} 13. Nxe7 {[%emt 0:05:38]} Qxe7 {[%emt 0:00:40]} 14. a4 {[%emt 0:02:21]} bxa4 {[%emt 0:01:19]} 15. Nb4 {[%emt 0:02:38]} O-O {[%emt 0:01:14]} 16. Rxa4 {[%emt 0:01:00]} a5 {[%emt 0:02:48]} 17. Bc4 {[%emt 0:08:06]} Qc7 {[%emt 0:23:52]} 18. Nd5 {[%emt 0:03:32]} Qc5 {[%emt 0:01:55]} 19. h4 {[%emt 0:09:12]} Bd8 {[%emt 0:05:42]} 20. Qd3 {[%emt 0:04:17]} Bb7 {[%emt 0:11:54]} 21. b3 {[%emt 0:06:34]} Rc8 {[%emt 0:02:59]} 22. Rh3 {[%emt 0:04:15]} Kh8 {[%emt 0:02:48]} 23. g4 {[%emt 0:01:05]} Bc6 {[%emt 0:06:34]} 24. b4 {[%emt 0:09:25]} Qa7 {[%emt 0:00:51]} 25. Bb5 {[%emt 0:01:00]} Bxd5 {[%emt 0:02:44]} 26. Qxd5 {[%emt 0:01:15]} Bb6 {[%emt 0:01:03]} 27. Ra2 {[%emt 0:00:43]} Qc7 {[%emt 0:00:26]} 28. Kf1 {[%emt 0:12:09]} axb4 {[%emt 0:02:00]} 29. cxb4 {[%emt 0:00:02]} Qc1+ {[%emt 0:06:01]} 30. Kg2 {[%emt 0:00:06]} Qb1 {[%emt 0:03:46]} 31. Bc6 {[%emt 0:11:58]} Qxb4 {[%emt 0:02:49]} 32. Rb3 {[%emt 0:02:00]} Qc5 {[%emt 0:02:13]} 33. Bb7 {[%emt 0:00:26]} Rcd8 {[%emt 0:07:21]} 34. Rb5 {[%emt 0:02:41]} Qc7 {[%emt 0:01:13]} 35. Qc6 {[%emt 0:00:04]} Qxc6 {[%emt 0:00:59]} 36. Bxc6 {[%emt 0:00:03]} Bc5 {[%emt 0:02:53]} 37. Rba5 {[%emt 0:00:23]} g5 {[%emt 0:02:08]} 38. h5 {[%emt 0:01:22]} Kg7 {[%emt 0:00:40]} 39. Ra8 {[%emt 0:00:32]} Rb8 {[%emt 0:00:11]} 40. Bd5 {[%emt 0:00:00]} h6 {[%emt 0:00:00]} 41. Kg3 {[%emt 0:03:16]} Rb1 {[%emt 0:01:02]} 42. Rxf8 {[%emt 0:01:54]} Kxf8 {[%emt 0:00:07]} 43. Ra8+ {[%emt 0:03:22]} Kg7 {[%emt 0:00:11]} 44. Ra2 {[%emt 0:00:24]} Kf8 {[%emt 0:10:33]} 45. Ra8+ {[%emt 0:01:14]} Ke7 {[%emt 0:03:03]} 46. Rh8 {[%emt 0:09:16]} Rg1+ {[%emt 0:08:06]} 47. Kh3 {[%emt 0:00:50]} Bxf2 {[%emt 0:01:52]} 48. Rh7 {[%emt 0:01:23]} Rg3+ {[%emt 0:00:13]} 49. Kh2 {[%emt 0:00:05]} Rf3 {[%emt 0:00:31]} 50. Rxh6 {[%emt 0:00:42]} Be3 {[%emt 0:04:16]} 51. Kg2 {[%emt 0:02:42]} Rf2+ {[%emt 0:01:08]} 52. Kg3 {[%emt 0:00:17]} Rf1 {[%emt 0:01:00]} 53. Rh7 {[%emt 0:02:04]} Kf8 {[%emt 0:01:20]} 54. h6 {[%emt 0:00:43]} Kg8 {[%emt 0:02:25]} 55. Rg7+ {[%emt 0:00:06]} Kf8 {[%emt 0:01:03]} 56. Rh7 {[%emt 0:00:57]} Kg8 {[%emt 0:00:22]} 57. Rxf7 1/2-1/2

[Event "Nis GM 2019"]
[Site "Nis"]
[Date "2019.12.08"]
[Round "9.2"]
[White "Nikolaidis, Ioannis"]
[Black "Djukic, Nikola"]
[Result "1/2-1/2"]
[WhiteElo "2531"]
[BlackElo "2507"]
[Annotator "ChessBase"]
[PlyCount "58"]
[EventDate "2019.11.30"]
[EventType "tourn"]
[EventCountry "SRB"]
[SourceTitle "playchess.com"]
[Source "ChessBase"]
[SourceQuality "1"]
[TimeControl "40/5400+30:1800+30"]

1. d4 {[%emt 0:00:01]} Nf6 {[%emt 0:00:00]} 2. c4 {[%emt 0:01:32]} g6 {[%emt 0:00:00]} 3. g3 {[%emt 0:00:47]} c5 {[%emt 0:07:04]} 4. Nf3 {[%emt 0:01:15]} cxd4 {[%emt 0:01:20]} 5. Nxd4 {[%emt 0:00:36]} d5 {[%emt 0:00:20]} 6. Bg2 {[%emt 0:01:38]} dxc4 {[%emt 0:05:30]} 7. O-O {[%emt 0:02:56]} Bg7 {[%emt 0:00:07]} 8. Qa4+ {[%emt 0:17:37]} Nbd7 {[%emt 0:04:53]} 9. Rd1 {[%emt 0:02:42]} O-O {[%emt 0:02:46]} 10. Qxc4 {[%emt 0:00:41]} Qa5 {[%emt 0:04:49]} 11. Qb5 {[%emt 0:14:49]} Qxb5 {[%emt 0:11:38]} 12. Nxb5 {[%emt 0:01:39]} a6 {[%emt 0:00:05]} 13. Nd4 {[%emt 0:03:25]} Nb6 {[%emt 0:01:04]} 14. Nb3 {[%emt 0:07:35]} Nc4 {[%emt 0:06:25]} 15. Rd4 {[%emt 0:04:39]} Nd6 {[%emt 0:01:16]} 16. Nc3 {[%emt 0:00:39]} Ra7 {[%emt 0:04:06]} 17. Rd1 {[%emt 0:17:12]} Nc4 {[%emt 0:10:38]} 18. Nd2 {[%emt 0:00:57]} Nxd2 {[%emt 0:10:27]} 19. Bxd2 {[%emt 0:00:07]} b5 {[%emt 0:00:05]} 20. Be3 {[%emt 0:01:56]} Rd7 {[%emt 0:00:07]} 21. Bc5 {[%emt 0:03:43]} Rc7 {[%emt 0:02:54]} 22. Bb6 {[%emt 0:01:04]} Rc4 {[%emt 0:04:34]} 23. Rac1 {[%emt 0:02:23]} Be6 {[%emt 0:00:16]} 24. b3 {[%emt 0:00:50]} Rcc8 {[%emt 0:00:07]} 25. Ba5 {[%emt 0:00:46]} Rc5 {[%emt 0:07:24]} 26. Bb4 {[%emt 0:04:07]} Rc7 {[%emt 0:00:05]} 27. Ba5 {[%emt 0:00:43]} Rc5 {[%emt 0:02:46]} 28. Bb4 {[%emt 0:02:28]} Rc7 {[%emt 0:00:07]} 29. Ba5 {[%emt 0:00:14]} Rc5 {[%emt 0:02:22]} 1/2-1/2

[Event "Nis GM 2019"]
[Site "Nis"]
[Date "2019.12.08"]
[Round "9.3"]
[White "Radovanovic, Mihajlo"]
[Black "Ivic, Velimir"]
[Result "1/2-1/2"]
[WhiteElo "2479"]
[BlackElo "2531"]
[Annotator "ChessBase"]
[PlyCount "70"]
[EventDate "2019.11.30"]
[EventType "tourn"]
[EventCountry "SRB"]
[SourceTitle "playchess.com"]
[Source "ChessBase"]
[SourceQuality "1"]
[TimeControl "40/5400+30:1800+30"]

1. Nf3 {[%emt 0:00:00]} Nf6 {[%emt 0:00:00]} 2. c4 {[%emt 0:00:00]} g6 {[%emt 0:00:00]} 3. Nc3 {[%emt 0:00:00]} d5 {[%emt 0:00:00]} 4. cxd5 {[%emt 0:00:13]} Nxd5 {[%emt 0:00:05]} 5. Qb3 {[%emt 0:00:08]} Nb6 {[%emt 0:00:16]} 6. d4 {[%emt 0:00:08]} Bg7 {[%emt 0:00:05]} 7. e4 {[%emt 0:00:06]} Bg4 {[%emt 0:00:10]} 8. Bb5+ {[%emt 0:00:13]} c6 {[%emt 0:00:05]} 9. Ng5 {[%emt 0:00:07]} O-O {[%emt 0:00:06]} 10. Be2 {[%emt 0:00:03]} Bxe2 {[%emt 0:00:05]} 11. Nxe2 {[%emt 0:00:03]} c5 {[%emt 0:00:11]} 12. d5 {[%emt 0:06:23]} Qd7 {[%emt 0:12:06]} 13. O-O {[%emt 0:08:01]} Na6 {[%emt 0:02:14]} 14. a4 {[%emt 0:08:59]} c4 {[%emt 0:09:35]} 15. Qa3 {[%emt 0:00:31]} h6 {[%emt 0:03:08]} 16. Nf3 {[%emt 0:14:47]} Qd6 {[%emt 0:00:25]} 17. Qe3 {[%emt 0:00:23]} e6 {[%emt 0:09:29]} 18. dxe6 {[%emt 0:04:36]} Qxe6 {[%emt 0:01:27]} 19. Bd2 {[%emt 0:04:47]} Rfe8 {[%emt 0:04:15]} 20. Ng3 {[%emt 0:00:39]} Rad8 {[%emt 0:12:33]} 21. Bc3 {[%emt 0:05:47]} Rd3 {[%emt 0:01:41]} 22. Qf4 {[%emt 0:00:07]} Nc5 {[%emt 0:08:52]} 23. Bxg7 {[%emt 0:02:00]} Kxg7 {[%emt 0:00:02]} 24. a5 {[%emt 0:04:27]} Nbd7 {[%emt 0:01:02]} 25. Rae1 {[%emt 0:01:22]} Qf6 {[%emt 0:05:33]} 26. Qxf6+ {[%emt 0:09:56]} Nxf6 {[%emt 0:02:00]} 27. e5 {[%emt 0:01:11]} Nfd7 {[%emt 0:01:08]} 28. Ne4 {[%emt 0:01:31]} Nxe4 {[%emt 0:01:44]} 29. Rxe4 {[%emt 0:00:01]} Rd5 {[%emt 0:01:58]} 30. Rxc4 {[%emt 0:02:59]} Nxe5 {[%emt 0:00:41]} 31. Nxe5 {[%emt 0:00:19]} Rexe5 {[%emt 0:02:11]} 32. b4 {[%emt 0:00:19]} Re2 {[%emt 0:02:31]} 33. g3 {[%emt 0:02:38]} g5 {[%emt 0:12:20]} 34. Rc7 {[%emt 0:02:36]} Rb2 {[%emt 0:03:49]} 35. Rxb7 {[%emt 0:01:23]} Rxa5 {[%emt 0:00:05]} 1/2-1/2

[Event "Nis GM 2019"]
[Site "Nis"]
[Date "2019.12.08"]
[Round "9.5"]
[White "Perunovic, Miodrag"]
[Black "Dimitrov, Radoslav"]
[Result "1/2-1/2"]
[WhiteElo "2433"]
[BlackElo "2515"]
[Annotator "ChessBase"]
[PlyCount "132"]
[EventDate "2019.11.30"]
[EventType "tourn"]
[EventCountry "SRB"]
[SourceTitle "playchess.com"]
[Source "ChessBase"]
[SourceQuality "1"]
[TimeControl "40/5400+30:1800+30"]

1. e4 {[%emt 0:00:00]} Nf6 {[%emt 0:01:08]} 2. e5 {[%emt 0:00:00]} Nd5 {[%emt 0:00:06]} 3. d4 {[%emt 0:00:00]} d6 {[%emt 0:00:05]} 4. Bc4 {[%emt 0:00:02]} Nb6 {[%emt 0:04:08]} 5. Bb3 {[%emt 0:00:03]} dxe5 {[%emt 0:03:48]} 6. Qh5 {[%emt 0:00:03]} e6 {[%emt 0:00:08]} 7. dxe5 {[%emt 0:00:02]} a5 {[%emt 0:00:19]} 8. a4 {[%emt 0:00:03]} Na6 {[%emt 0:07:58]} 9. Nc3 {[%emt 0:00:21]} Nc5 {[%emt 0:00:43]} 10. Nf3 {[%emt 0:00:08]} Nxb3 {[%emt 0:02:03]} 11. Bg5 {[%emt 0:00:02]} Be7 {[%emt 0:00:26]} 12. cxb3 {[%emt 0:00:10]} h6 {[%emt 0:00:22]} 13. Rd1 {[%emt 0:07:40]} Nd5 {[%emt 0:06:31]} 14. Bxe7 {[%emt 0:23:14]} Qxe7 {[%emt 0:00:04]} 15. O-O {[%emt 0:00:07]} Nxc3 {[%emt 0:05:26]} 16. bxc3 {[%emt 0:00:03]} Bd7 {[%emt 0:00:26]} 17. Qg4 {[%emt 0:02:49]} O-O {[%emt 0:08:51]} 18. Nd4 {[%emt 0:01:40]} Rfd8 {[%emt 0:09:33]} 19. Rd3 {[%emt 0:03:07]} c5 {[%emt 0:05:17]} 20. Rg3 {[%emt 0:01:52]} g6 {[%emt 0:00:18]} 21. Nc2 {[%emt 0:05:03]} b5 {[%emt 0:04:19]} 22. Qf4 {[%emt 0:00:18]} h5 {[%emt 0:03:46]} 23. h4 {[%emt 0:03:31]} c4 {[%emt 0:00:40]} 24. bxc4 {[%emt 0:01:37]} bxa4 {[%emt 0:00:02]} 25. Rg5 {[%emt 0:00:02]} Kg7 {[%emt 0:06:40]} 26. Rd1 {[%emt 0:11:43]} a3 {[%emt 0:04:03]} 27. Nxa3 {[%emt 0:07:48]} Be8 {[%emt 0:14:37]} 28. Rd6 {[%emt 0:01:16]} Rdb8 {[%emt 0:00:19]} 29. g4 {[%emt 0:06:20]} Rb3 {[%emt 0:00:15]} 30. Nc2 {[%emt 0:15:35]} Rb1+ {[%emt 0:00:10]} 31. Kg2 {[%emt 0:05:52]} Qb7+ {[%emt 0:00:14]} 32. f3 {[%emt 0:00:11]} Qb2 {[%emt 0:00:53]} 33. Rd2 {[%emt 0:02:38]} Qc1 {[%emt 0:03:41]} 34. gxh5 {[%emt 0:00:02]} Kg8 {[%emt 0:03:22]} 35. hxg6 {[%emt 0:00:05]} fxg6 {[%emt 0:00:23]} 36. Kg3 {[%emt 0:00:19]} Rb2 {[%emt 0:02:17]} 37. Rxg6+ {[%emt 0:01:09]} Bxg6 {[%emt 0:00:34]} 38. Rd8+ {[%emt 0:00:01]} Rxd8 39. Qxc1 {[%emt 0:00:01]} Rxc2 {[%emt 0:00:42]} 40. Qg5 {[%emt 0:00:00]} Rd7 {[%emt 0:00:00]} 41. h5 {[%emt 0:00:37]} Rxc3 {[%emt 0:06:17]} 42. hxg6 {[%emt 0:00:37]} Rdd3 {[%emt 0:01:38]} 43. Qe7 {[%emt 0:08:09]} Rxf3+ {[%emt 0:01:16]} 44. Kg4 {[%emt 0:00:11]} Rg3+ {[%emt 0:01:50]} 45. Kh5 {[%emt 0:00:18]} Rh3+ {[%emt 0:01:20]} 46. Kg5 {[%emt 0:00:13]} Rhg3+ {[%emt 0:07:46]} 47. Kf6 {[%emt 0:00:19]} Rcf3+ {[%emt 0:00:07]} 48. Kxe6 {[%emt 0:00:02]} Rxg6+ {[%emt 0:00:08]} 49. Kd5 {[%emt 0:00:04]} Rf8 {[%emt 0:02:03]} 50. c5 {[%emt 0:03:18]} Rc8 {[%emt 0:02:57]} 51. Qb7 {[%emt 0:04:51]} Rd8+ {[%emt 0:00:18]} 52. Ke4 {[%emt 0:00:42]} Rg7 {[%emt 0:03:14]} 53. Qa6 {[%emt 0:04:57]} a4 {[%emt 0:03:40]} 54. c6 {[%emt 0:01:57]} Re8 {[%emt 0:05:35]} 55. Qa5 {[%emt 0:05:08]} Ree7 {[%emt 0:00:32]} 56. Qd5+ {[%emt 0:02:12]} Kh7 {[%emt 0:00:12]} 57. Qd3 {[%emt 0:03:21]} Ra7 {[%emt 0:00:43]} 58. Kd5+ {[%emt 0:01:26]} Rg6 {[%emt 0:00:56]} 59. e6 {[%emt 0:01:31]} a3 {[%emt 0:00:18]} 60. Qh3+ {[%emt 0:00:52]} Kg8 {[%emt 0:01:18]} 61. Qb3 {[%emt 0:00:55]} Rgg7 {[%emt 0:00:56]} 62. Kd6 {[%emt 0:01:07]} Kh7 {[%emt 0:00:23]} 63. Qa2 {[%emt 0:00:22]} Kg6 {[%emt 0:00:19]} 64. Ke5 {[%emt 0:01:47]} Ra5+ {[%emt 0:00:01]} 65. Kd6 {[%emt 0:00:08]} Raa7 {[%emt 0:00:03]} 66. Ke5 {[%emt 0:01:25]} Ra5+ {[%emt 0:00:01]} 1/2-1/2